000 00700nam a2200217Ii 4500
001 17549
003 CO-ViMGA
008 241108s9999||||xx |||||||||||||| ||und||
020 _a9589587097191
040 _aCO-ViMGA
_bspa
_erda
_cCO-ViMGA
041 0 _aspa
082 0 4 _a152.46 F36e
100 1 _aAndrea Fiorenza
_944734
245 1 0 _a99 estrategias para superar el miedo, la ansiedad y las fobias :
_btrucos para desatar los nudos de la mente
264 1 _aBogotá, Colombia : Circulo de Lectores, 2007
300 _avolumen
336 _atext
_btxt
_2rdacontent
337 _aunmediated
_bn
_2rdamedia
338 _avolume
_bnc
_2rdacarrier
940 _aidficha_siabuc: 17213. -- ficha_no_siabuc:17549
999 _c39201
_d39201